| 000 | 00716nam a2200193 a 4500 | ||
|---|---|---|---|
| 003 | 0 | ||
| 005 | 20250222101846.0 | ||
| 008 | 111114s19uu xx 00 eng d | ||
| 050 |
_aPGS LB 1139.23 _b.H827 2011 |
||
| 100 | _aHosokawa, Arisa M. | ||
| 245 |
_aLevel of animal interest and diligence of grade 6 students of SISC / _cArisa M. Hosokawa. |
||
| 260 |
_aLas PiƱas City, Philippines : _bSouthville International School and Colleges, _c2011. |
||
| 300 |
_a19 pages : _billustrations ; _c28 cm. |
||
| 504 | _aIncludes bibliographical references. | ||
| 650 |
_aChildren _vAttitudes toward animals. |
||
| 650 |
_aSelf-discipline _vChildren. |
||
| 650 |
_aChildren _vPersonal characteristics. |
||
| 942 |
_2lcc _cPASS |
||
| 999 |
_c98640 _d98640 |
||